[Event "GBR-ch111 Over 65"]
[Site "Liverpool"]
[Date "2025.08.08"]
[Round "5.22"]
[White "De Coverly, Roger D"]
[Black "Collinson, Mark I"]
[Result "1/2-1/2"]
[WhiteElo "1969"]
[BlackElo "1900"]
[PlyCount "113"]
[EventDate "2025.08.04"]
[EventType "swiss"]
[EventRounds "7"]
[EventCountry "GBR"]
[SourceTitle "BritBase"]
[Source "John Saunders"]
[SourceDate "2025.08.11"]
[SourceVersion "1"]
[SourceVersionDate "2025.08.11"]
[SourceQuality "1"]

1. e4 e5 2. Nf3 Nc6 3. Bb5 d6 4. d4 exd4 5. Nxd4 Bd7 6. Nc3 Nf6 7. Bxc6 Bxc6 8. Qf3 Qd7 9. Bg5 O-O-O 10. O-O-O Re8 11. Nxc6 bxc6 12. Bxf6 gxf6 13. Qxf6 Rg8 14. Qf3 Rg5 15. Kb1 Bg7 16. Rd3 Qe6 17. h4 Ra5 18. Qh3 Bxc3 19. Qxe6+ Rxe6 20. Rxc3 Rxe4 21. b3 Rf5 22. f3 Re2 23. g4 Rf4 24. Rxc6 Rxf3 25. Rd1 Kd7 26. Ra6 Rff2 27. Rc1 Rh2 28. Rxa7 Ref2 29. h5 Rf4 30. a4 Rg2 31. Ra8 h6 32. Rh8 Rf6 33. Rg8 Kc6 34. Kb2 Rf4 35. Ka3 Rgxg4 36. Rxg4 Rxg4 37. Rf1 Rg5 38. Rxf7 Rxh5 39. c4 Rg5 40. Rh7 h5 41. Rh8 Kb6 42. b4 Rg3+ 43. Kb2 Rg2+ 44. Kb3 Rg3+ 45. Kc2 Rg2+ 46. Kd3 Rg3+ 47. Ke4 Rg4+ 48. Kd5 c6+ 49. Kxd6 Rd4+ 50. Ke5 Rxc4 51. a5+ Kb7 52. Rxh5 Rxb4 53. Kd6 Rd4+ 54. Kc5 Rd5+ 55. Rxd5 cxd5 56. Kxd5 Ka6 57. Ke4 1/2-1/2

[Event "GBR-ch111 Over 65"]
[Site "Liverpool"]
[Date "2025.08.08"]
[Round "5.23"]
[White "Habershon, Paul F"]
[Black "Costello, Colin A"]
[Result "1/2-1/2"]
[WhiteElo "1959"]
[BlackElo "1876"]
[PlyCount "70"]
[EventDate "2025.08.04"]
[EventType "swiss"]
[EventRounds "7"]
[EventCountry "GBR"]
[SourceTitle "BritBase"]
[Source "John Saunders"]
[SourceDate "2025.08.11"]
[SourceVersion "1"]
[SourceVersionDate "2025.08.11"]
[SourceQuality "1"]

1. e4 e5 2. Nf3 Nc6 3. d4 exd4 4. Nxd4 Nf6 5. Nxc6 bxc6 6. e5 Qe7 7. Qe2 Nd5 8. c4 Ba6 9. Nd2 f6 10. exf6 Nxf6 11. b3 O-O-O 12. Qxe7 Bxe7 13. Bd3 d5 14. O-O Rhe8 15. Bb2 Kb8 16. Rfd1 Bd6 17. h3 Bc8 18. Nf3 Bd7 19. Re1 Ne4 20. Bxe4 dxe4 21. Ng5 Bf5 22. Rad1 Bc5 23. g4 Rxd1 24. Rxd1 Bg6 25. h4 e3 26. fxe3 Bxe3+ 27. Kf1 Bxg5 28. hxg5 Re4 29. Rd4 Rxd4 30. Bxd4 Bb1 31. a3 Ba2 32. c5 g6 33. b4 Be6 34. Kf2 Bxg4 35. Kg3 Bf5 1/2-1/2

[Event "GBR-ch111 Over 65"]
[Site "Liverpool"]
[Date "2025.08.08"]
[Round "5.24"]
[White "Campbell, Ian"]
[Black "Stevens, Brian"]
[Result "1/2-1/2"]
[WhiteElo "1952"]
[BlackElo "1833"]
[PlyCount "84"]
[EventDate "2025.08.04"]
[EventType "swiss"]
[EventRounds "7"]
[EventCountry "GBR"]
[SourceTitle "BritBase"]
[Source "John Saunders"]
[SourceDate "2025.08.11"]
[SourceVersion "1"]
[SourceVersionDate "2025.08.11"]
[SourceQuality "1"]

1. Nf3 Nf6 2. d4 d5 3. e3 e6 4. Bd3 c5 5. b3 Nc6 6. O-O Qc7 7. a3 e5 8. dxe5 Nxe5 9. Bb5+ Bd7 10. Bxd7+ Nexd7 11. Bb2 Be7 12. Nc3 Qc6 13. Qd3 O-O 14. Rad1 Nb6 15. Ne5 Qe6 16. Nb5 Rfc8 17. f4 Ng4 18. Nxg4 Qxg4 19. Rf3 Qd7 20. Rg3 Bf8 21. c4 Rd8 22. Qc3 f5 23. cxd5 Qf7 24. d6 Rd7 25. Rd2 a6 26. Qxc5 axb5 27. Qxb6 Qxb3 28. Qd4 Qf7 29. Qc5 Rad8 30. Qxb5 Rxd6 31. Rxd6 Rxd6 32. Qe5 Rd1+ 33. Kf2 Rd5 34. Qc3 Qd7 35. h3 Rd3 36. Qc4+ Qd5 37. Qxd5+ Rxd5 38. Ke2 g6 39. e4 fxe4 40. Rb3 b5 41. Ke3 Kf7 42. Kxe4 Ke6 1/2-1/2

[Event "GBR-ch111 Over 65"]
[Site "Liverpool"]
[Date "2025.08.08"]
[Round "5.25"]
[White "Lawson, Maurice E"]
[Black "Erdogan, Hassan"]
[Result "1-0"]
[WhiteElo "1938"]
[BlackElo "1792"]
[PlyCount "96"]
[EventDate "2025.08.04"]
[EventType "swiss"]
[EventRounds "7"]
[EventCountry "GBR"]
[SourceTitle "BritBase"]
[Source "John Saunders"]
[SourceDate "2025.08.11"]
[SourceVersion "1"]
[SourceVersionDate "2025.08.11"]
[SourceQuality "1"]

1. e4 d6 2. Nf3 e5 3. Bc4 Be7 4. c3 Nf6 5. d3 O-O 6. Nbd2 c6 7. Bb3 Bg4 8. h3 Bh5 9. g4 Bg6 10. Qe2 Nbd7 11. Nf1 Nc5 12. Bc2 Qc7 13. Ng3 Rfe8 14. Nf5 Bf8 15. Rg1 Ne6 16. N3h4 d5 17. f3 Rad8 18. Bd2 Qb6 19. O-O-O Qa6 20. Kb1 dxe4 21. fxe4 Nc5 22. c4 Ne6 23. Nf3 Bc5 24. Rg2 Qb6 25. h4 Bxf5 26. gxf5 Nd4 27. Nxd4 Bxd4 28. b3 Kh8 29. Bc1 a5 30. Bb2 Bxb2 31. Kxb2 Qd4+ 32. Kb1 a4 33. bxa4 b5 34. cxb5 cxb5 35. axb5 Qb4+ 36. Bb3 Qxb5 37. Qc2 Rc8 38. Qb2 Rb8 39. Bxf7 Qc5 40. Bb3 Nh5 41. Rc2 Qe3 42. Qc1 Qh3 43. Qg5 Qf3 44. Qd2 Nf4 45. Ka1 Red8 46. Bc4 Qg4 47. Rdc1 Qxh4 48. Qh2 Qe7 1-0

[Event "GBR-ch111 Over 65"]
[Site "Liverpool"]
[Date "2025.08.08"]
[Round "5.26"]
[White "Myall, Ivan J"]
[Black "Robinson, David"]
[Result "1-0"]
[WhiteElo "1938"]
[BlackElo "1784"]
[PlyCount "124"]
[EventDate "2025.08.04"]
[EventType "swiss"]
[EventRounds "7"]
[EventCountry "GBR"]
[SourceTitle "BritBase"]
[Source "John Saunders"]
[SourceDate "2025.08.11"]
[SourceVersion "1"]
[SourceVersionDate "2025.08.11"]
[SourceQuality "1"]

1. d4 Nf6 2. Nc3 d6 3. e4 Nbd7 4. f4 e5 5. Nf3 exd4 6. Qxd4 c6 7. Be3 Qc7 8. O-O-O Ng4 9. Bg1 Nb6 10. h3 Nh6 11. Bh2 Bd7 12. f5 O-O-O 13. Bxd6 Bxd6 14. Qxd6 Qxd6 15. Rxd6 Kc7 16. Rd2 f6 17. g4 Nf7 18. a4 Rhe8 19. b3 Ne5 20. Nxe5 Rxe5 21. h4 Nc8 22. Bg2 Be8 23. Bf3 Rxd2 24. Kxd2 a6 25. g5 Nd6 26. Rg1 Re7 27. h5 Rd7 28. Ke3 Re7 29. Kf4 Nc8 30. gxf6 gxf6 31. h6 Kd6 32. Rd1+ Kc7 33. Rg1 Kd6 34. Ne2 Nb6 35. Nd4 Bd7 36. Rg7 c5 37. Ne2 Bc6 38. Ng3 Nd7 39. Nh5 b6 40. Rg8 Rf7 41. Rg1 Bb7 42. Be2 Re7 43. Bd3 Bc6 44. Re1 b5 45. axb5 axb5 46. Bf1 Rf7 47. Ra1 Ne5 48. Ra6 c4 49. bxc4 bxc4 50. Ra5 Bb7 51. Ra7 Kc6 52. Nxf6 Rxf6 53. Kxe5 Rxh6 54. Bxc4 Kb6 55. Ra2 Kc5 56. Bd5 Bxd5 57. Ra5+ Kc6 58. Rxd5 Rh2 59. c4 h5 60. f6 Rf2 61. Ke6 h4 62. Rh5 Rf4 1-0

[Event "GBR-ch111 Over 65"]
[Site "Liverpool"]
[Date "2025.08.08"]
[Round "5.27"]
[White "Newton, Robert A"]
[Black "Gregg, Alan M"]
[Result "1/2-1/2"]
[WhiteElo "1851"]
[BlackElo "1930"]
[PlyCount "54"]
[EventDate "2025.08.04"]
[EventType "swiss"]
[EventRounds "7"]
[EventCountry "GBR"]
[SourceTitle "BritBase"]
[Source "John Saunders"]
[SourceDate "2025.08.11"]
[SourceVersion "1"]
[SourceVersionDate "2025.08.11"]
[SourceQuality "1"]

1. d4 Nf6 2. c4 e6 3. Nc3 Bb4 4. Qc2 b6 5. e4 Bb7 6. Bd3 Bxc3+ 7. bxc3 d6 8. Nf3 Nbd7 9. O-O e5 10. a4 a5 11. Re1 O-O 12. Rb1 Ba6 13. Ba3 Re8 14. Rbd1 c5 15. h3 Qc7 16. d5 Nf8 17. Bc1 Bc8 18. Kh2 Ng6 19. g3 Rf8 20. Ng1 Bd7 21. Bg5 Ne8 22. Rf1 f6 23. Be3 Ne7 24. f4 g6 25. Rf2 Ng7 26. Be2 Rae8 27. Rb1 Nc8 1/2-1/2

[Event "GBR-ch111 Over 65"]
[Site "Liverpool"]
[Date "2025.08.08"]
[Round "5.28"]
[White "Armstrong, William G"]
[Black "Jerome, Stellio"]
[Result "1/2-1/2"]
[WhiteElo "1875"]
[BlackElo "1669"]
[PlyCount "103"]
[EventDate "2025.08.04"]
[EventType "swiss"]
[EventRounds "7"]
[EventCountry "GBR"]
[SourceTitle "BritBase"]
[Source "John Saunders"]
[SourceDate "2025.08.11"]
[SourceVersion "1"]
[SourceVersionDate "2025.08.11"]
[SourceQuality "1"]

1. e4 e6 2. d3 d5 3. Nd2 c5 4. g3 Nc6 5. Bg2 Nf6 6. Ngf3 d4 7. O-O e5 8. Re1 Bg4 9. h3 Bd7 10. Nf1 Qc7 11. N1h2 O-O-O 12. Ng5 Be8 13. f4 Bd6 14. f5 Kb8 15. Ngf3 g6 16. Bg5 Be7 17. c3 h6 18. Bxf6 Bxf6 19. Ng4 Be7 20. cxd4 exd4 21. f6 Bf8 22. e5 h5 23. Nf2 Bh6 24. Ne4 Be3+ 25. Kf1 Nxe5 26. Nxe5 Qxe5 27. Qf3 Bc6 28. Rab1 Rd6 29. Ke2 Bxe4 30. Qxe4 Qxe4 31. Bxe4 Rxf6 32. Rf1 Rxf1 33. Rxf1 f5 34. Bd5 Rf8 35. g4 hxg4 36. hxg4 f4 37. Be4 Rh8 38. Rh1 Rxh1 39. Bxh1 g5 40. b3 Kc7 41. Kf3 b5 42. Ke4 Bf2 43. Kd5 Kb6 44. Bf3 a5 45. a4 c4 46. dxc4 bxa4 47. bxa4 d3 48. Bd1 d2 49. Bf3 Bc5 50. Bd1 Bb4 51. c5+ Kc7 52. Ke5 1/2-1/2

[Event "GBR-ch111 Over 65"]
[Site "Liverpool"]
[Date "2025.08.08"]
[Round "5.29"]
[White "Stephens, Ian Paul"]
[Black "Tedd, Bernie"]
[Result "0-1"]
[WhiteElo "1877"]
[BlackElo "1740"]
[PlyCount "52"]
[EventDate "2025.08.04"]
[EventType "swiss"]
[EventRounds "7"]
[EventCountry "GBR"]
[SourceTitle "BritBase"]
[Source "John Saunders"]
[SourceDate "2025.08.11"]
[SourceVersion "1"]
[SourceVersionDate "2025.08.11"]
[SourceQuality "1"]

1. e4 d5 2. exd5 Qxd5 3. d4 Nc6 4. Be3 e5 5. Ne2 Bg4 6. Nbc3 Bb4 7. Qd2 Qa5 8. f3 Bf5 9. g4 O-O-O 10. gxf5 exd4 11. Nxd4 Nxd4 12. Bxd4 Bc5 13. Bd3 Bxd4 14. O-O-O Nf6 15. Rhe1 Bxc3 16. Qxc3 Qxa2 17. b3 Nd5 18. Qb2 Qxb2+ 19. Kxb2 Rhe8 20. Rxe8 Rxe8 21. Rg1 g6 22. fxg6 hxg6 23. Bc4 c6 24. Rg5 Rh8 25. Rg2 Ne3 26. Rf2 Nd1+ 0-1

[Event "GBR-ch111 Over 65"]
[Site "Liverpool"]
[Date "2025.08.08"]
[Round "5.30"]
[White "Wager, John D"]
[Black "Phillips, William"]
[Result "1-0"]
[WhiteElo "1972"]
[BlackElo "1832"]
[PlyCount "105"]
[EventDate "2025.08.04"]
[EventType "swiss"]
[EventRounds "7"]
[EventCountry "GBR"]
[SourceTitle "BritBase"]
[Source "John Saunders"]
[SourceDate "2025.08.11"]
[SourceVersion "1"]
[SourceVersionDate "2025.08.11"]
[SourceQuality "1"]

1. d4 Nf6 2. Bg5 d5 3. Nd2 Nbd7 4. Ngf3 h6 5. Bh4 e6 6. e3 Be7 7. Bd3 O-O 8. O-O c5 9. c3 b6 10. Qe2 Bb7 11. Ne5 Ne4 12. Bxe7 Qxe7 13. Nxd7 Qxd7 14. Nf3 cxd4 15. exd4 f6 16. Rfe1 g5 17. Rad1 Rae8 18. h4 g4 19. Nd2 f5 20. Nf1 Qe7 21. Bb5 Rc8 22. f3 gxf3 23. gxf3 Nd6 24. Bd3 Rf6 25. Qh2 Kh8 26. Ne3 Rg8+ 27. Kh1 Nc4 28. b3 Nxe3 29. Rxe3 Bc8 30. Rg1 Rfg6 31. Qe5+ Qf6 32. Rxg6 Rxg6 33. Qxf6+ Rxf6 34. Kg2 f4 35. Re2 Bd7 36. Kf2 Be8 37. Re1 Bg6 38. Bxg6 Rxg6 39. c4 dxc4 40. bxc4 Kg7 41. Re4 Rf6 42. c5 bxc5 43. dxc5 Kf7 44. Ra4 e5 45. Rxa7+ Kg6 46. Rb7 Kh5 47. Rb6 Rf7 48. c6 Ra7 49. Rb2 Kxh4 50. Rc2 Rc7 51. a4 Kg5 52. a5 h5 53. a6 1-0

[Event "GBR-ch111 Over 65"]
[Site "Liverpool"]
[Date "2025.08.08"]
[Round "5.31"]
[White "O'Mahoney, Mike J"]
[Black "Kelly, Ian G"]
[Result "1/2-1/2"]
[WhiteElo "1780"]
[BlackElo "1953"]
[PlyCount "103"]
[EventDate "2025.08.04"]
[EventType "swiss"]
[EventRounds "7"]
[EventCountry "GBR"]
[SourceTitle "BritBase"]
[Source "John Saunders"]
[SourceDate "2025.08.11"]
[SourceVersion "1"]
[SourceVersionDate "2025.08.11"]
[SourceQuality "1"]

1. d4 Nf6 2. e3 c5 3. Bd3 b6 4. Nf3 Bb7 5. Nbd2 g6 6. c3 Bg7 7. O-O O-O 8. Qe2 d5 9. e4 dxe4 10. Nxe4 Nxe4 11. Bxe4 Bxe4 12. Qxe4 Nd7 13. Rd1 Nf6 14. Qe2 Qc7 15. Bg5 e6 16. Rd2 Nd5 17. Rad1 Rac8 18. Qe4 c4 19. Re2 b5 20. a3 a5 21. Bd2 Qb8 22. h4 b4 23. axb4 axb4 24. Rb1 Qb6 25. Ree1 Ra8 26. g3 b3 27. Kg2 Qb5 28. g4 Nf6 29. Qf4 h5 30. g5 Ng4 31. Qe4 Rfd8 32. Bf4 Qd5 33. Kg3 Ra6 34. Qe2 f6 35. Nd2 e5 36. Be3 f5 37. f4 Nxe3 38. Qxe3 exd4 39. cxd4 Bxd4 40. Qf3 Qxf3+ 41. Nxf3 Bc5 42. Ne5 Rd2 43. Rec1 Bd4 44. Nxc4 Rd3+ 45. Kg2 Be3 46. Nxe3 Rxe3 47. Rc3 Rae6 48. Kf2 Re2+ 49. Kf3 Rh2 50. Kg3 Ree2 51. Rxb3 Rhg2+ 52. Kh3 1/2-1/2

[Event "GBR-ch111 Over 65"]
[Site "Liverpool"]
[Date "2025.08.08"]
[Round "5.32"]
[White "Clancy, Martin J"]
[Black "Marshall, Michael O"]
[Result "1-0"]
[WhiteElo "1765"]
[BlackElo "1886"]
[PlyCount "109"]
[EventDate "2025.08.04"]
[EventType "swiss"]
[EventRounds "7"]
[EventCountry "GBR"]
[SourceTitle "BritBase"]
[Source "John Saunders"]
[SourceDate "2025.08.11"]
[SourceVersion "1"]
[SourceVersionDate "2025.08.11"]
[SourceQuality "1"]

1. e4 c5 2. Nf3 e6 3. d4 cxd4 4. Nxd4 Nc6 5. Nc3 a6 6. Be3 Qc7 7. g3 Nf6 8. Bg2 Be7 9. Qe2 O-O 10. O-O d6 11. Nxc6 bxc6 12. f4 Rb8 13. b3 c5 14. Qd2 Bb7 15. Rad1 Ng4 16. Rf3 Nxe3 17. Rxe3 Bf6 18. Ne2 Rbd8 19. Kh1 d5 20. e5 d4 21. Rd3 Bxg2+ 22. Kxg2 Be7 23. c4 a5 24. Rf3 f6 25. exf6 Bxf6 26. Nc1 e5 27. fxe5 Bxe5 28. Rxf8+ Rxf8 29. Nd3 Qc6+ 30. Kg1 Bc7 31. Qg2 Qxg2+ 32. Kxg2 Bd6 33. Re1 Ra8 34. Re6 Rd8 35. Kf3 Kf7 36. Re1 Kf6 37. a3 Rb8 38. Rb1 Re8 39. Re1 Rb8 40. Rb1 a4 41. b4 cxb4 42. axb4 a3 43. c5 Bc7 44. Ra1 Ra8 45. Ke4 Ke6 46. Kxd4 Ra4 47. Kc4 Bd8 48. Kb3 Ra7 49. Rxa3 Rd7 50. Kc4 Rf7 51. b5 Rf1 52. Ra6+ Kf5 53. Rd6 Be7 54. Rd5+ Kf6 55. c6 1-0

[Event "GBR-ch111 Over 65"]
[Site "Liverpool"]
[Date "2025.08.08"]
[Round "5.33"]
[White "Sage, Geoffrey W"]
[Black "Stinson, William James"]
[Result "1-0"]
[WhiteElo "1960"]
[BlackElo "1720"]
[PlyCount "109"]
[EventDate "2025.08.04"]
[EventType "swiss"]
[EventRounds "7"]
[EventCountry "GBR"]
[SourceTitle "BritBase"]
[Source "John Saunders"]
[SourceDate "2025.08.11"]
[SourceVersion "1"]
[SourceVersionDate "2025.08.11"]
[SourceQuality "1"]

1. e4 c6 2. d4 d5 3. exd5 cxd5 4. c4 Nf6 5. Nc3 Nc6 6. Be3 Bf5 7. a3 a6 8. Nf3 e6 9. c5 b5 10. Be2 Be7 11. O-O O-O 12. Nh4 Bg6 13. Nxg6 hxg6 14. b4 e5 15. dxe5 Nxe5 16. f4 Nc4 17. Bd4 Qd7 18. Bf3 Rad8 19. Re1 Ne4 20. Nxd5 Qxd5 21. Rxe4 Bf6 22. Bxf6 Qxd1+ 23. Bxd1 gxf6 24. a4 Nb2 25. axb5 Rxd1+ 26. Rxd1 Nxd1 27. bxa6 Nc3 28. Rc4 Nb5 29. c6 Nc7 30. b5 Nxb5 31. Rb4 Na7 32. c7 Rc8 33. Rb7 Nc6 34. a7 Nxa7 35. Rxa7 Kf8 36. g4 Ke7 37. Kf2 Kd7 38. Ra6 Ke7 39. Rc6 f5 40. gxf5 gxf5 41. h4 Kd7 42. Rf6 Ke7 43. Rxf5 Rxc7 44. Kg3 Rc8 45. h5 f6 46. Ra5 Rg8+ 47. Kh4 Ke6 48. f5+ Kd6 49. h6 Rg1 50. Kh5 Rg5+ 51. Kh4 Rg1 52. Ra3 Ke5 53. h7 Kf4 54. h8=Q Rg4+ 55. Kh3 1-0

[Event "GBR-ch111 Over 65"]
[Site "Liverpool"]
[Date "2025.08.08"]
[Round "5.34"]
[White "Hawkins, James N"]
[Black "Butterworth, Joe W"]
[Result "1/2-1/2"]
[WhiteElo "1908"]
[BlackElo "1692"]
[PlyCount "132"]
[EventDate "2025.08.04"]
[EventType "swiss"]
[EventRounds "7"]
[EventCountry "GBR"]
[SourceTitle "BritBase"]
[Source "John Saunders"]
[SourceDate "2025.08.11"]
[SourceVersion "1"]
[SourceVersionDate "2025.08.11"]
[SourceQuality "1"]

1. Nf3 Nf6 2. d4 e6 3. g3 b6 4. Bg2 Bb7 5. O-O Be7 6. c4 O-O 7. b3 d6 8. Bb2 Nbd7 9. Nbd2 c5 10. e3 Qc7 11. Re1 Ne4 12. Nxe4 Bxe4 13. Nd2 Bxg2 14. Kxg2 Qb7+ 15. Kg1 Bf6 16. Rb1 Rac8 17. f3 d5 18. Qe2 g6 19. Red1 Rfe8 20. f4 Bg7 21. Qg2 f5 22. Re1 Qc6 23. Rec1 Qa8 24. Qf1 Red8 25. Qe2 Nf6 26. dxc5 bxc5 27. Rc2 Nd7 28. Bxg7 Kxg7 29. Rbc1 e5 30. fxe5 Nxe5 31. Nf3 Nxf3+ 32. Qxf3 d4 33. Qxa8 Rxa8 34. exd4 Rxd4 35. Re1 Kf7 36. Rce2 Rd7 37. Re5 Rc8 38. Kf1 Rcc7 39. Kf2 Rd2+ 40. R1e2 Rd3 41. R5e3 Rd4 42. Re5 Rd3 43. h4 Rd1 44. h5 a5 45. hxg6+ hxg6 46. Re6 a4 47. Rb6 axb3 48. axb3 Rd3 49. Ree6 Rcd7 50. Rf6+ Ke8 51. Rbe6+ Kd8 52. Rxg6 Rxb3 53. Rgf6 Rd2+ 54. Re2 Rdd3 55. Rxf5 Rxg3 56. Rxc5 Rbf3+ 57. Ke1 Rc3 58. Rd2+ Rgd3 59. Ke2 Rxd2+ 60. Kxd2 Rh3 61. Rd5+ Kc7 62. Rf5 Kc6 63. Rd5 Rg3 64. Rd3 Rxd3+ 65. Kxd3 Kc5 66. Kc3 Kc6 1/2-1/2

[Event "GBR-ch111 Over 65"]
[Site "Liverpool"]
[Date "2025.08.08"]
[Round "5.35"]
[White "Walkowiak, Adam"]
[Black "Dennis, Nigel W"]
[Result "1-0"]
[WhiteElo "1657"]
[BlackElo "1824"]
[PlyCount "85"]
[EventDate "2025.08.04"]
[EventType "swiss"]
[EventRounds "7"]
[EventCountry "GBR"]
[SourceTitle "BritBase"]
[Source "John Saunders"]
[SourceDate "2025.08.11"]
[SourceVersion "1"]
[SourceVersionDate "2025.08.11"]
[SourceQuality "1"]

1. d4 Nf6 2. c4 g6 3. Nc3 Bg7 4. e4 d6 5. Be2 O-O 6. Bg5 Nbd7 7. h4 h6 8. Be3 e5 9. d5 Nc5 10. f3 a5 11. Qd2 Kh7 12. Nh3 Nh5 13. Bf2 Bxh3 14. Rxh3 Nf4 15. Rh2 Nxe2 16. Kxe2 f5 17. Bxc5 dxc5 18. Rd1 Qf6 19. Qe3 b6 20. g3 Rad8 21. Qf2 Rf7 22. Rhh1 h5 23. Rhg1 Bh6 24. Rd3 Bf8 25. a4 Bd6 26. Kd1 Rg8 27. Qg2 Kg7 28. g4 fxg4 29. fxg4 Qxh4 30. gxh5 Qxh5+ 31. Kc2 Rgf8 32. Nd1 Be7 33. Rh3 Bh4 34. Qh2 Rf2+ 35. Nxf2 Qe2+ 36. Kb3 Rxf2 37. Qxe5+ Bf6 38. Qxc7+ Kf8 39. Qc8+ Kg7 40. Qh8+ Kf7 41. Rh7+ Bg7 42. Qxg7+ Ke8 43. Qe7# 1-0

[Event "GBR-ch111 Over 65"]
[Site "Liverpool"]
[Date "2025.08.08"]
[Round "5.36"]
[White "Hall, Alan A"]
[Black "Collins, Nigel"]
[Result "1/2-1/2"]
[WhiteElo "1824"]
[BlackElo "1589"]
[PlyCount "80"]
[EventDate "2025.08.04"]
[EventType "swiss"]
[EventRounds "7"]
[EventCountry "GBR"]
[SourceTitle "BritBase"]
[Source "John Saunders"]
[SourceDate "2025.08.11"]
[SourceVersion "1"]
[SourceVersionDate "2025.08.11"]
[SourceQuality "1"]

1. d4 Nf6 2. Nf3 g6 3. c4 Bg7 4. Bf4 O-O 5. e3 d5 6. Nc3 c5 7. Be2 dxc4 8. Bxc4 Nc6 9. Ne5 cxd4 10. Nxc6 bxc6 11. exd4 Nd5 12. Nxd5 cxd5 13. Bb3 Ba6 14. Rc1 e6 15. h4 Qa5+ 16. Bd2 Qb6 17. Bc3 Rac8 18. Rc2 Bc4 19. Bxc4 dxc4 20. h5 Bf6 21. hxg6 fxg6 22. Qg4 Rcd8 23. Rd2 e5 24. d5 e4 25. O-O e3 26. Bd4 Bxd4 27. Rxd4 exf2+ 28. Kh1 Rde8 29. Rf4 Rxf4 30. Qxf4 Re1 31. Qxc4 Rxf1+ 32. Qxf1 Qe3 33. Kh2 Qf4+ 34. Kh3 g5 35. g3 g4+ 36. Kg2 Qf3+ 37. Kh2 h5 38. d6 Qf7 39. d7 Qxd7 40. Qxf2 Qd6 1/2-1/2

[Event "GBR-ch111 Over 65"]
[Site "Liverpool"]
[Date "2025.08.08"]
[Round "5.37"]
[White "Clissold, Julian C"]
[Black "Pugh, Glyn D"]
[Result "0-1"]
[WhiteElo "1654"]
[BlackElo "1824"]
[PlyCount "48"]
[EventDate "2025.08.04"]
[EventType "swiss"]
[EventRounds "7"]
[EventCountry "GBR"]
[SourceTitle "BritBase"]
[Source "John Saunders"]
[SourceDate "2025.08.11"]
[SourceVersion "1"]
[SourceVersionDate "2025.08.11"]
[SourceQuality "1"]

1. d4 d5 2. c4 dxc4 3. Nf3 Nf6 4. e3 Bg4 5. Bxc4 e6 6. O-O Nbd7 7. Nbd2 c5 8. Qb3 Rb8 9. Ne5 Nxe5 10. dxe5 Nd7 11. f4 Be7 12. h3 Bh5 13. Ne4 O-O 14. Bd2 b5 15. Bxe6 fxe6 16. Qxe6+ Bf7 17. Qg4 Bd5 18. Ng3 Rb6 19. e4 Rg6 20. Qd1 Bc4 21. Ne2 Qa8 22. g4 Qxe4 23. Ng3 Qd4+ 24. Kh2 Bxf1 0-1

[Event "GBR-ch111 Over 65"]
[Site "Liverpool"]
[Date "2025.08.08"]
[Round "5.38"]
[White "Lawrence, Roy A"]
[Black "Tidmarsh, David A"]
[Result "1/2-1/2"]
[WhiteElo "1693"]
[BlackElo "1776"]
[PlyCount "53"]
[EventDate "2025.08.04"]
[EventType "swiss"]
[EventRounds "7"]
[EventCountry "GBR"]
[SourceTitle "BritBase"]
[Source "John Saunders"]
[SourceDate "2025.08.11"]
[SourceVersion "1"]
[SourceVersionDate "2025.08.11"]
[SourceQuality "1"]

1. d4 d5 2. Nf3 Nf6 3. e3 Bf5 4. Bd3 e6 5. Bxf5 exf5 6. Qd3 Qc8 7. c4 g6 8. Nc3 dxc4 9. Qxc4 Bg7 10. Nb5 Na6 11. O-O O-O 12. Bd2 c6 13. Nc3 Nc7 14. Rac1 Ncd5 15. Nxd5 Nxd5 16. Ng5 h6 17. Nf3 Re8 18. Rfe1 Qd7 19. a3 Re7 20. Bc3 Rae8 21. Ne5 Bxe5 22. dxe5 Nxc3 23. Rxc3 Rxe5 24. Rd3 Qc7 25. Red1 R5e7 26. Rd6 Kh7 27. g3 1/2-1/2

[Event "GBR-ch111 Over 65"]
[Site "Liverpool"]
[Date "2025.08.08"]
[Round "5.39"]
[White "Barnes, David"]
[Black "Wright, George A"]
[Result "1-0"]
[WhiteElo "1758"]
[BlackElo "1540"]
[PlyCount "77"]
[EventDate "2025.08.04"]
[EventType "swiss"]
[EventRounds "7"]
[EventCountry "GBR"]
[SourceTitle "BritBase"]
[Source "John Saunders"]
[SourceDate "2025.08.11"]
[SourceVersion "1"]
[SourceVersionDate "2025.08.11"]
[SourceQuality "1"]

1. e4 c6 2. d3 d5 3. Nf3 dxe4 4. Ng5 Nf6 5. Nc3 e6 6. Ngxe4 Nbd7 7. Be2 Nxe4 8. dxe4 Be7 9. O-O Nb6 10. Qe1 Qc7 11. Be3 Bd7 12. Nd1 h5 13. c4 c5 14. Nc3 O-O-O 15. a4 a6 16. a5 Nxc4 17. Bxc4 Rdg8 18. f4 h4 19. e5 Bc6 20. Qf2 h3 21. g3 Bg2 22. Rfe1 Qc6 23. Bd3 Rd8 24. Bc2 Rd7 25. Ba4 Qc7 26. Bxd7+ Qxd7 27. Bxc5 Bd8 28. Bd6 Qc6 29. Qc5 Rg8 30. Qxc6+ Bxc6 31. b4 g5 32. Rf1 Bg2 33. Rf2 gxf4 34. Rxf4 Bg5 35. Rc4+ Kd8 36. Bc5 Rg6 37. Ne4 Bf4 38. Rd1+ Kc8 39. Bb6+ 1-0

[Event "GBR-ch111 Over 65"]
[Site "Liverpool"]
[Date "2025.08.09"]
[Round "6.1"]
[White "Chapman, Terry P D"]
[Black "Lewis, Andrew P"]
[Result "1/2-1/2"]
[WhiteElo "2263"]
[BlackElo "2242"]
[PlyCount "81"]
[EventDate "2025.08.04"]
[EventType "swiss"]
[EventRounds "7"]
[EventCountry "GBR"]
[SourceTitle "BritBase"]
[Source "John Saunders"]
[SourceDate "2025.08.11"]
[SourceVersion "1"]
[SourceVersionDate "2025.08.11"]
[SourceQuality "1"]

1. d4 Nf6 2. c4 g6 3. Nc3 Bg7 4. e4 d6 5. h3 O-O 6. Be3 e5 7. d5 a5 8. g4 Na6 9. Nge2 h5 10. f3 Nh7 11. Qd2 f5 12. exf5 gxf5 13. gxf5 Bxf5 14. O-O-O Nb4 15. Ng3 Bg6 16. Nge4 Rxf3 17. Bg2 Rf7 18. a3 Qh4 19. Qe1 Qxe1 20. Rhxe1 Na6 21. Rg1 b6 22. h4 Nc5 23. Nxc5 bxc5 24. Bh3 Bf5 25. Bxf5 Rxf5 26. Bh6 Rf7 27. Kc2 Kh8 28. Bxg7+ Rxg7 29. Rxg7 Kxg7 30. Nb5 Rc8 31. Kb3 Nf8 32. Ka4 Ng6 33. Nc3 Kh6 34. Rh1 Ra8 35. Nb5 Rc8 36. Nc3 Ra8 37. Nb5 Rc8 38. Rh2 Ne7 39. Nc3 Nf5 40. Rf2 Nd4 41. Ne4 1/2-1/2

[Event "GBR-ch111 Over 65"]
[Site "Liverpool"]
[Date "2025.08.09"]
[Round "6.2"]
[White "Povah, Nigel E"]
[Black "Bray, Dave J"]
[Result "1-0"]
[WhiteElo "2206"]
[BlackElo "1950"]
[PlyCount "75"]
[EventDate "2025.08.04"]
[EventType "swiss"]
[EventRounds "7"]
[EventCountry "GBR"]
[SourceTitle "BritBase"]
[Source "John Saunders"]
[SourceDate "2025.08.11"]
[SourceVersion "1"]
[SourceVersionDate "2025.08.11"]
[SourceQuality "1"]

1. d4 d5 2. Bf4 Nf6 3. e3 c5 4. Nd2 e6 5. Ngf3 Nc6 6. c3 Bd6 7. Bg3 O-O 8. Bd3 b6 9. e4 Be7 10. e5 Nh5 11. Qe2 Bd7 12. a3 c4 13. Bc2 b5 14. Ng5 Bxg5 15. Qxh5 g6 16. Qe2 a5 17. h4 Bh6 18. h5 g5 19. Nf3 b4 20. Rd1 Qe7 21. a4 b3 22. Bb1 Nd8 23. Nh2 Bg7 24. h6 Bh8 25. Ng4 f5 26. exf6 Bxf6 27. Nxf6+ Qxf6 28. Bd6 Re8 29. Be5 Qe7 30. Rh5 Nf7 31. Qe3 Rf8 32. Bg7 Rfe8 33. f4 gxf4 34. Qxf4 e5 35. dxe5 Qc5 36. Rd4 Re6 37. Qg3 Qe7 38. Bf6+ 1-0